La vuelta al mundo en 80 días / (Registro nro. 10695)
[ vista simple ]
| 000 -LIDER | |
|---|---|
| fixed length control field | 00830nam a22002897a 4500 |
| 001 - NÚMERO DE CONTROL | |
| Identificador de número de control | 00749 |
| 003 - IDENTIFICACDOR DE NÚMERO DE CONTROL | |
| control field | DO-S |
| 005 - DATE AND TIME OF LATEST TRANSACTION | |
| control field | 20220922120515.0 |
| 007 - CAMPOS FIJOS DE DESCRIPCIÓN FÍSICA | |
| fixed length control field | 00749 |
| 008 - ELEMENTOS DE LONGITUD FIJA | |
| fixed length control field | 160711b sp 2008 ||| 00| 0 spa d |
| 020 ## - ISBN | |
| International Standard Book Number | 9788497645454 |
| 040 ## - FUENTE DE CATALOGACIÓN | |
| Agencia que crea de manera original el registro | BPMSU |
| Idioma de catalogación | spa |
| Agencia que realiza la transcripción | BPMSU |
| 082 #4 - NÚMERO DE CLASIFICACIÓN DECIMAL DE DEWEY | |
| Classification number | 843.8 |
| Item number | V531vu 2008 |
| Edition number | 22 |
| 100 1# - ASIENTO PRINCIPAL -- NOMBRE PERSONAL | |
| Nombre personal | Verne, Julio. |
| Mención de responsabilidad | 1828-1905 |
| 245 13 - MENCIÓN DE TITULO | |
| Título | La vuelta al mundo en 80 días / |
| Mención de responsabilidad | Julio Verne |
| 260 ## - PUBLICACIÓN, DISTRIBUCIÓN, ETC. (PIE DE IMPRENTA) | |
| Lugar de publicación, distribución, etc | Madrid, España : |
| Nombre del editor, distribuidor, etc. | Edimat libros, |
| Fecha de publicación, distribución, etc | 2008. |
| 300 ## - DESCRIPCIÓN FÍSICA | |
| Extensión | 290 p. ; |
| Dimensiones | 23 cm. |
| 490 0# - MENCIÓN DE SERIES | |
| Mención de serie | Clásicos de la literatura ; |
| -- | Narrativa |
| 500 ## - NOTA GENERAL | |
| Materiales especificados | Incluye notas al pie de las páginas |
| 590 ## - NOTA LOCAL | |
| Enlace | Inventariado, 2022/VM |
| 650 #4 - ENCABEZAMIENTO DE MATERIA--TEMÁTICO | |
| Término temático o nombre geográfico como elemento de entrada | Novela francesa |
| 650 #4 - ENCABEZAMIENTO DE MATERIA--TEMÁTICO | |
| Término temático o nombre geográfico como elemento de entrada | literatura juvenil |
| 650 #4 - ENCABEZAMIENTO DE MATERIA--TEMÁTICO | |
| Término temático o nombre geográfico como elemento de entrada | Novela de aventuras |
| 700 ## - ASIENTO SECUNDARIO -- NOMBRE PERSONAL | |
| Nombre personal | Lovera, José |
| Mención de responsabilidad | il. |
| 910 ## - VALIDACIÓN | |
| Validación | VMateo V./Validado |
| 942 ## - ADDED ENTRY ELEMENTS (KOHA) | |
| Source of classification or shelving scheme | Dewey Decimal Classification |
| Koha item type | Libros |
| Withdrawn status | Lost status | Source of classification or shelving scheme | Damaged status | Not for loan | Home library | Current library | Date acquired | Source of acquisition | Full call number | Barcode | Date last seen | Price effective from | Koha item type |
|---|---|---|---|---|---|---|---|---|---|---|---|---|---|
| Dewey Decimal Classification | Biblioteca Pública Metropolitana Salomé Ureña | Biblioteca Pública Metropolitana Salomé Ureña | 07/11/2016 | FUNDI | BPMSU CG 843.8 V531vu 2008 | BPMSU16070339 | 07/11/2016 | 07/11/2016 | Libros |